000 00680 a2200217 4500
005 20260415115306.0
008 260415b |||||||| |||| 00| 0 eng d
020 _a9788197133724 (hbk)
037 _cTB
040 _aCRL
_cCRL
041 _2URD
_aURD
084 _aO168,1N57x R5
_qCRL
245 _aAndaz-e-sukhan aur kulliyat-e-Shahid Rizvi
260 _aLucknow, India:
_bMatterlink Publishers,
_c2025.
300 _a655p.
365 _b1500.00
_cINR
650 _aUrdu Literature
650 _aUrdu Poetry
942 _cTB
_2CC
_hO168,1N57x R5
999 _c1679454
_d1679454